| 000 | 02067nam0a2200373 4500 | ||
|---|---|---|---|
| 001 | RU\NLR\bibl\302283 | ||
| 005 | 20260407075703.0 | ||
| 010 |
_a5-9282-0078-1 _9500 |
||
| 021 |
_aRU _b2002-21315 _91070 |
||
| 035 | _a(NLR Aleph) 000297465 | ||
| 090 |
_a1742433 _c1742433 |
||
| 100 | _a20020828d2002 |||y0rusy50 ca | ||
| 101 | 0 | _arus | |
| 102 | _aRU | ||
| 105 | _ay ||||||||| | ||
| 200 | 1 |
_aПроблемы экономики и управления на современном этапе развития предприятий _eМатериалы Межвуз. науч.-практ. экон. конф. студентов и аспирантов _f[Под ред. д.э.н., проф. С.Д. Резника, д.э.н., проф. Б.Б. Хрусталева] |
|
| 210 |
_aПенза _cИзд-во ПГАСА _d2002 |
||
| 215 |
_a129 с. _d21 |
||
| 300 | _aВ надзаг.: М-во образования Рос. Федерации, Пенз. гос. архитектур.-строит. акад., Ин-т экономики и менеджмента, Каф. "Экономика, организация и инвестиции", Каф. "Менеджмент", Каф. "Маркетинг и экон. теория" | ||
| 606 | 0 |
_aПредприятия _jСъезды, совещания и т.п. _xУправление _xРыночные технологии _92116202 _3RU\NLR\auth\661278412 |
|
| 610 | 0 | _aПредприятия - Управление | |
| 675 |
_a658.012(082) _v3 _zrus |
||
| 686 |
_a06.81 _2rugasnti |
||
| 686 |
_a65.290-2 _2rubbk |
||
| 686 | _aУ21(2)91я431 | ||
| 702 | 1 |
_4340 _8rus _7ca _aРезник _bС. Д. _f1941- _gСемен Давыдович _3RU\NLR\auth\7741465 _924413 |
|
| 711 | 1 | 2 |
_aМежвузовская науч.-практ. экон. конф. аспирантов и студентов _f2002 _eПенза _3RU\NLR\AUTH\8810039938 _9578923 |
| 801 | 0 |
_aRU _bRKP _c20020828 _gPSBO |
|
| 801 | 1 |
_aRU _bRKP _c20020828 |
|
| 801 | 2 |
_aRU _bNLR _c20130314 _grcr |
|
| 942 | _cBOOK | ||
| 980 | _aNB | ||
| 980 | _aNBR | ||